| 000 | 00419 a2200121 4500 | ||
|---|---|---|---|
| 040 |
_aDLC _bDLC |
||
| 082 | _a650.01513 | ||
| 100 | _aZahir, Fikvi Dr. | ||
| 245 |
_aBusiness Mathematics & Statistics: Lectures 1-45, MTH-302, (09 CD's) _cDr. Fikvi Zahir |
||
| 260 |
_aLahore _bVirtual University _c2005 |
||
| 500 | _aLectures 1-5, 6-10, 11-15, 16-20, 21-25, 26-30,31-35,36-40, 41-45, (9 CDs) | ||
| 942 |
_cCD _k650.01513 ZAH _2ddc |
||
| 999 |
_c9667 _d9667 |
||